| 000 | 00733nam a22001937a 4500 | ||
|---|---|---|---|
| 005 | 20120517121420.0 | ||
| 020 |
_a _c00.00 |
||
| 035 | _aB-136110 | ||
| 037 | _b | ||
| 082 | _a519.5 | ||
| 100 |
_aसिंहल, मोहन एस. _947273 |
||
| 245 |
_aसांख्यकी विश्लेषण / _cमोहन एस.सिंहल |
||
| 260 |
_a _b _c |
||
| 270 |
_a _b _e |
||
| 300 |
_aवि.पृ. _b _c22सेमी(सजिल्द) |
||
| 942 |
_2ddc _cCH _h519.5 _mसिंहल |
||
| 999 |
_c66798 _d66798 |
||